书目信息 |
| 题名: |
公路工程费用控制
|
|
| 作者: | 周小安 , 齐永生 编 | |
| 分册: | ||
| 出版信息: | 北京 人民交通出版社 2007.08 |
|
| 页数: | 222页 | |
| 开本: | 26cm | |
| 丛书名: | ||
| 单 册: | ||
| 中图分类: | U415.13 | |
| 科图分类: | ||
| 主题词: | 道路工程--dao lu gong cheng--工程造价--控制 | |
| 电子资源: | ||
| ISBN: | 978-7-114-06766-2 | |
| 000 | 00923nam0 2200265 450 | |
| 001 | 012007590909 | |
| 005 | 20071107142057.99 | |
| 010 | @a978-7-114-06766-2@dCNY26.00 | |
| 100 | @a20071107d2007 km y0chiy0120 ea | |
| 101 | 0 | @achi |
| 102 | @aCN@b110000 | |
| 105 | @aa a 000yy | |
| 106 | @ar | |
| 200 | 1 | @a公路工程费用控制@Agong lu gong cheng fei yong kong zhi@f周小安, 齐永生编@Fzhou xiao an,qi yong sheng bian |
| 210 | @a北京@c人民交通出版社@d2007.08 | |
| 215 | @a222页@c图@d26cm | |
| 300 | @a全国交通土建高职高专规划教材 | |
| 320 | @a有书目 (第222页)。 | |
| 330 | @a本书共分七章,内容包括公路工程项目费用控制的基本知识,公路工程项目成本预测与投标报价,合同订立与成本计划等。 | |
| 606 | 0 | @a道路工程@Adao lu gong cheng@x工程造价@x控制 |
| 690 | @aU415.13@v4 | |
| 701 | 0 | @a周小安@Azhou xiao an@4编 |
| 701 | 0 | @a齐永生@Aqi yong sheng@4编 |
| 801 | 0 | @aCN@b@c20071107 |
| 905 | @b265463-65@dU415.13@eZ800@f3 | |
| 公路工程费用控制/周小安, 齐永生编.-北京:人民交通出版社,2007.08 |
| 222页:图;26cm |
| 全国交通土建高职高专规划教材 |
| ISBN 978-7-114-06766-2:CNY26.00 |
| 本书共分七章,内容包括公路工程项目费用控制的基本知识,公路工程项目成本预测与投标报价,合同订立与成本计划等。 |
| ● |
| 相关链接 |
|
|
|
正题名:公路工程费用控制
索取号:U415.13/Z800
 
预约/预借
| 序号 | 登录号 | 条形码 | 馆藏地/架位号 | 状态 | 备注 |
| 1 | 265463 | 202654635 | 自科库501/501自科库 52排3列3层/ [索取号:U415.13/Z800] | 在馆 | |
| 2 | 265464 | 202654644 | 自科库501/501自科库 52排3列3层/ [索取号:U415.13/Z800] | 在馆 | |
| 3 | 265465 | 202654653 | 自科库501/501自科库 52排3列3层/ [索取号:U415.13/Z800] | 在馆 |